00922nam a2200217 i 450000100060000000300090000600500170001500700030003200800410003508000280007608000280010424501720013226000750030430000210037965000460040065000410044671000450048785200330053299900170056595201220058267668ES-MaACL20230906170127.0t|040609s2003 sp ||||1| spa d a821.134.2-32"19"(082.2) a821.134.2-14"19"(082.2)00aVII Premio de Poesía Rincón Poético. XIII Premio de Relatos Cortos. XVI Pregón de la Feria de la Manzanilla b: Ateneo de Sanlúcar, Sanlúcar de Bda., 2003. aSanlúcar de Barrameda : bAteneo de Sanlúcar de Barrameda, c2003. a87 p. ; c21 cm. 4aNovelas cortas españolas-yS.XX.915633 4aPoesías españolas-yS.XX.9162212 aAteneo de Sanlúcar de Barrameda.92022 aES-MaACLjL-27889 bR.133480 c67668d67668 00104070aATENEOMbATENEOMcDEPO2d2008-01-17eSCl0oL-27889p1070849r2023-02-23 00:00:00w2023-02-23yMONOGRAFIA